UM Logo

A whole new life : (Record no. 14937)

MARC details
000 -LEADER
fixed length control field 00532nam a22001697a 4500
008 - FIXED-LENGTH DATA ELEMENTS--GENERAL INFORMATION
fixed length control field 200131b ||||| |||| 00| 0 eng d
020 ## - INTERNATIONAL STANDARD BOOK NUMBER
International Standard Book Number 978-1-64293-043-6
082 ## - DEWEY DECIMAL CLASSIFICATION NUMBER
Edition number 2019
Classification number DC 129
Item number G439
100 ## - MAIN ENTRY--PERSONAL NAME
Personal name Giovanninni, Lucia
9 (RLIN) 41477
245 ## - TITLE STATEMENT
Title A whole new life :
Remainder of title Discover the power of positive transformation/
Statement of responsibility, etc. Lucia Giovanninni
260 ## - PUBLICATION, DISTRIBUTION, ETC. (IMPRINT)
Place of publication, distribution, etc. New York :
Name of publisher, distributor, etc. Post Hill Press,
Date of publication, distribution, etc. ©2019.
300 ## - PHYSICAL DESCRIPTION
Extent 278 pages;
Dimensions 21 cm.
500 ## - GENERAL NOTE
General note Includes bibliography
650 ## - SUBJECT ADDED ENTRY--TOPICAL TERM
Topical term or geographic name as entry element Future life
9 (RLIN) 41733
365 ## - TRADE PRICE
Price amount 1,148.00
942 ## - ADDED ENTRY ELEMENTS (KOHA)
Source of classification or shelving scheme Dewey Decimal Classification
Koha item type Circulation
Holdings
Withdrawn status Lost status Source of classification or shelving scheme Damaged status Not for loan Collection code Home library Current library Shelving location Date acquired Source of acquisition Cost, normal purchase price Total Checkouts Full call number Barcode Date last seen Date last checked out Copy number Price effective from Koha item type
    Dewey Decimal Classification     Circulation UM Digos College - LIC UM Digos College - LIC Book Cart 08/08/2019 Purchased 1148.00 2 DC 129 G439 2019 25432 05/15/2025 02/16/2021 1 02/14/2020 Circulation